|
|
|
|
| LEADER |
00000nam0a2200000 4500 |
| 001 |
254450 |
| 005 |
20231101232933.0 |
| 010 |
|
|
|a 525000525X
|
| 020 |
|
|
|a RU
|b 89-56167
|
| 035 |
|
|
|a (RuTPU)RU\TPU\book\276909
|
| 090 |
|
|
|a 254450
|
| 100 |
|
|
|a 20140320d1989 km y0rusy5003 ca
|
| 101 |
0 |
|
|a rus
|
| 102 |
|
|
|a RU
|
| 105 |
|
|
|a y z 000zy
|
| 200 |
1 |
|
|a Первый штурм самодержавия: воспоминания современников революции 1905-1907 гг.
|f Институт марксизма-ленинизма (ИМЛ)
|
| 210 |
|
|
|a Москва
|c Политиздат
|d 1989
|
| 215 |
|
|
|a 543 с.
|
| 225 |
1 |
|
|a История КПСС в воспоминаниях современников
|
| 320 |
|
|
|a Краткие биографические сведения об авторах: с. 536-541.
|
| 606 |
1 |
|
|a КПСС
|x История
|z 20 в.
|2 stltpush
|3 (RuTPU)RU\TPU\subj\14899
|9 41219
|
| 606 |
1 |
|
|a Первая русская революция 1905-1907
|2 stltpush
|3 (RuTPU)RU\TPU\subj\65536
|9 82038
|
| 610 |
1 |
|
|a Россия
|
| 610 |
1 |
|
|a революции
|
| 610 |
1 |
|
|a развитие
|
| 610 |
1 |
|
|a этапы
|
| 610 |
1 |
|
|a спад
|
| 610 |
1 |
|
|a воспоминания
|
| 610 |
1 |
|
|a КПСС
|
| 610 |
1 |
|
|a история
|
| 686 |
|
|
|a Ф61(2)27
|v LBC/SL-A
|2 rubbk
|
| 686 |
|
|
|a Т3(2)532
|v LBC/SL-A
|2 rubbk
|
| 712 |
0 |
2 |
|a Институт марксизма-ленинизма (ИМЛ)
|c (Москва)
|c (1956-1991)
|2 stltpush
|3 (RuTPU)RU\TPU\col\4702
|
| 801 |
|
0 |
|a RU
|b RuMRKP
|c 19960704
|g psbo
|
| 801 |
|
1 |
|a RU
|b 63413507
|c 20140320
|
| 801 |
|
2 |
|a RU
|b 63413507
|c 20160114
|g RCR
|
| 942 |
|
|
|c BK
|